5HLuxD.jpg

KING HENRY VIII SENIOR AND PRIMARY SCHOOL LIBRARY OPAC

Christina's kite and other stories / (Record no. 3250)

000 -LEADER
fixed length control field 00617nam a22002057a 4500
005 - DATE AND TIME OF LATEST TRANSACTION
control field 20231109111236.0
008 - FIXED-LENGTH DATA ELEMENTS--GENERAL INFORMATION
fixed length control field 231109b ||||| |||| 00| 0 eng d
020 ## - INTERNATIONAL STANDARD BOOK NUMBER
International Standard Book Number 9780753731857
040 ## - CATALOGING SOURCE
Transcribing agency KH8
082 ## - DEWEY DECIMAL CLASSIFICATION NUMBER
Classification number 823.912 BLY
100 ## - MAIN ENTRY--PERSONAL NAME
Personal name Blyton, Enid
Relator term Author
245 ## - TITLE STATEMENT
Title Christina's kite and other stories /
Statement of responsibility, etc. Enid Blyton
260 ## - PUBLICATION, DISTRIBUTION, ETC.
Place of publication, distribution, etc. Nottinghamshire,
Name of publisher, distributor, etc. Award Publications Ltd.,
Date of publication, distribution, etc. 2006
300 ## - PHYSICAL DESCRIPTION
Extent 192 pages :
Other physical details illustrations ;
Dimensions 20 cm.
520 ## - SUMMARY, ETC.
Summary, etc. Contains assorted short stories by Enid Blyton
650 ## - SUBJECT ADDED ENTRY--TOPICAL TERM
Topical term or geographic name entry element Children's stories
650 ## - SUBJECT ADDED ENTRY--TOPICAL TERM
Topical term or geographic name entry element Fiction
650 ## - SUBJECT ADDED ENTRY--TOPICAL TERM
Topical term or geographic name entry element Juvenile works
942 ## - ADDED ENTRY ELEMENTS (KOHA)
Source of classification or shelving scheme
Koha item type Books - Fiction
Holdings
Withdrawn status Lost status Source of classification or shelving scheme Damaged status Not for loan Collection code Permanent Location Current Location Shelving location Date acquired Full call number Barcode Date last seen Price effective from Koha item type
          Fiction KH8 Primary School Library KH8 Primary School Library Non Fiction 2023-11-09 823.912 BLY KHPL000004343 2025-12-05 2023-11-09 Books - Fiction

Powered By KH8 IT Dept